000 00608nam a2200241Ia 4500
003 OSt
005 20221007104242.0
006 a|||||r|||| 00| 0
007 ta
008 221006b |||||||| |||| 00| 0 eng d
024 _a15,321
037 _cTextual
040 _aLCO
_cLCO
_beng
041 _2eng
_aeng
082 _aZ3, L4
100 _aScarman Leslie
_9690183
245 0 _aEnglish Law
_b The New Dimension
260 _aLondon
_bStevens & Sons UK
_c1974
300 _a88
650 _aENGLISH LAW
942 _hZ3, L4
_cTEXL
999 _c1184884
_d1184884